[Event "45th FIDE Chess Olympiad Open"]
[Site "Budapest, Hungary"]
[Date "2024.09.21"]
[Round "10"]
[White "Sonis, Francesco"]
[Black "Fernandez Sanchez, Fernando Miguel"]
[Result "1/2-1/2"]
[Board "84"]
[WhiteFideId "895733"]
[BlackFideId "3802299"]
[WhiteTitle "GM"]
[BlackTitle "IM"]
[WhiteElo "2554"]
[BlackElo "2399"]
[WhiteTeam "Italy"]
[BlackTeam "Peru"]
[WhiteClock "0:40:22"]
[BlackClock "0:07:28"]
[Variant "Standard"]

1. d4 {[%clk 1:30:54]}  Nf6 {[%clk 1:30:38]} 2. g3 {[%clk 1:30:47]}  e6 {[%clk 1:27:02]} 3. c4 {[%clk 1:31:01]}  c5 {[%clk 1:27:10]} 4. Nf3 {[%clk 1:30:52]}  cxd4 {[%clk 1:27:26]} 5. Nxd4 {[%clk 1:31:17]}  d5 {[%clk 1:27:45]} 6. Bg2 {[%clk 1:31:43]}  e5 {[%clk 1:28:00]} 7. Nf3 {[%clk 1:32:09]}  d4 {[%clk 1:28:24]} 8. O-O {[%clk 1:32:35]}  Nc6 {[%clk 1:28:48]} 9. e3 {[%clk 1:33:01]}  Be7 {[%clk 1:28:43]} 10. exd4 {[%clk 1:32:59]}  exd4 {[%clk 1:29:11]} 11. Bf4 {[%clk 1:28:40]}  O-O {[%clk 1:23:05]} 12. Ne5 {[%clk 1:20:41]}  Qb6 {[%clk 1:22:29]} 13. Re1 {[%clk 1:11:29]}  Be6 {[%clk 1:21:18]} 14. Nd2 {[%clk 1:11:14]}  Rac8 {[%clk 1:01:01]} 15. a3 {[%clk 1:01:42]}  a5 {[%clk 0:46:14]} 16. Qb3 {[%clk 0:59:59]}  Bc5 {[%clk 0:44:47]} 17. Qxb6 {[%clk 0:44:11]}  Bxb6 {[%clk 0:45:13]} 18. b4 {[%clk 0:44:35]}  Rfd8 {[%clk 0:32:18]} 19. Nd3 {[%clk 0:27:14]}  axb4 {[%clk 0:11:40]} 20. axb4 {[%clk 0:27:17]}  Bf5 {[%clk 0:12:07]} 21. Ne4 {[%clk 0:23:56]}  Nxe4 {[%clk 0:10:01]} 22. Rxe4 {[%clk 0:24:22]}  Bxe4 {[%clk 0:09:11]} 23. Bxe4 {[%clk 0:24:48]}  Bc7 {[%clk 0:04:42]} 24. Bf5 {[%clk 0:19:02]}  Bxf4 {[%clk 0:05:08]} 25. Bxc8 {[%clk 0:19:08]}  Bd2 {[%clk 0:03:03]} 26. Bxb7 {[%clk 0:12:44]}  Nxb4 {[%clk 0:03:30]} 27. Ne5 {[%clk 0:09:29]}  Bc3 {[%clk 0:03:09]} 28. Rc1 {[%clk 0:07:11]}  f6 {[%clk 0:02:56]} 29. Nc6 {[%clk 0:07:21]}  Nxc6 {[%clk 0:02:45]} 30. Bxc6 {[%clk 0:07:47]}  Kf7 {[%clk 0:02:12]} 31. Kf1 {[%clk 0:07:52]}  Ke6 {[%clk 0:02:01]} 32. Ke2 {[%clk 0:08:07]}  d3+ {[%clk 0:01:15]} 33. Kd1 {[%clk 0:08:13]}  Bb4 {[%clk 0:01:17]} 34. Rb1 {[%clk 0:08:35]}  Bc5 {[%clk 0:01:17]} 35. Kd2 {[%clk 0:08:44]}  Bxf2 {[%clk 0:01:18]} 36. Bd5+ {[%clk 0:09:11]}  Kd6 {[%clk 0:00:59]} 37. Kxd3 {[%clk 0:09:34]}  Re8 {[%clk 0:01:09]} 38. Rb7 {[%clk 0:09:14]}  Re7 {[%clk 0:01:35]} 39. Rb2 {[%clk 0:07:58]}  Re3+ {[%clk 0:01:42]} 40. Kd2 {[%clk 0:08:27]}  Re7 {[%clk 0:01:55]} 41. Rb3 {[%clk 0:08:42]}  Bg1 {[%clk 0:00:36]} 42. h3 {[%clk 0:09:08]}  f5 {[%clk 0:30:16]} 43. Rd3 {[%clk 0:39:31]}  g6 {[%clk 0:29:50]} 44. Bg8+ {[%clk 0:39:51]}  Ke5 {[%clk 0:27:24]} 45. Ra3 {[%clk 0:38:01]}  Bf2 {[%clk 0:26:39]} 46. Ke2 {[%clk 0:38:05]}  Bc5 {[%clk 0:26:39]} 47. Rd3 {[%clk 0:38:32]}  h5 {[%clk 0:26:01]} 48. Kf3 {[%clk 0:38:56]}  Kf6 {[%clk 0:26:04]} 49. h4 {[%clk 0:39:22]}  Ra7 {[%clk 0:25:45]} 50. Bd5 {[%clk 0:38:39]}  Ra2 {[%clk 0:20:16]} 51. Kf4 {[%clk 0:39:08]}  Bd6+ {[%clk 0:16:45]} 52. Kf3 {[%clk 0:39:28]}  Bc5 {[%clk 0:16:18]} 53. Kf4 {[%clk 0:39:55]}  Bd6+ {[%clk 0:10:46]} 54. Kf3 {[%clk 0:40:22]}  Bc5 {[%clk 0:07:28]} 1/2-1/2

[Event "45th FIDE Chess Olympiad Open"]
[Site "Budapest, Hungary"]
[Date "2024.09.21"]
[Round "10"]
[White "Dragnev, Valentin"]
[Black "Galaviz Medina, Sion Radamantys"]
[Result "1/2-1/2"]
[Board "85"]
[WhiteFideId "1634852"]
[BlackFideId "5123119"]
[WhiteTitle "GM"]
[BlackTitle "IM"]
[WhiteElo "2556"]
[BlackElo "2488"]
[WhiteTeam "Austria"]
[BlackTeam "Mexico"]
[WhiteClock "0:14:43"]
[BlackClock "0:12:14"]
[Variant "Standard"]

1. e4 {[%clk 1:30:56]}  c5 {[%clk 1:30:56]} 2. Nf3 {[%clk 1:31:19]}  d6 {[%clk 1:31:21]} 3. Bb5+ {[%clk 1:31:41]}  Nd7 {[%clk 1:31:46]} 4. O-O {[%clk 1:32:04]}  a6 {[%clk 1:32:10]} 5. Be2 {[%clk 1:32:28]}  Ngf6 {[%clk 1:32:01]} 6. d3 {[%clk 1:32:52]}  e6 {[%clk 1:29:07]} 7. a4 {[%clk 1:32:39]}  b6 {[%clk 1:28:54]} 8. Nfd2 {[%clk 1:32:49]}  Bb7 {[%clk 1:27:34]} 9. f4 {[%clk 1:33:04]}  Be7 {[%clk 1:27:21]} 10. Bf3 {[%clk 1:33:25]}  Qc7 {[%clk 1:20:23]} 11. Qe2 {[%clk 1:31:25]}  O-O {[%clk 1:13:39]} 12. g4 {[%clk 1:31:46]}  Nb8 {[%clk 1:13:19]} 13. g5 {[%clk 1:31:29]}  Nfd7 {[%clk 1:13:24]} 14. c3 {[%clk 1:29:02]}  Nc6 {[%clk 1:09:35]} 15. Nc4 {[%clk 1:27:42]}  Rae8 {[%clk 1:01:18]} 16. Qg2 {[%clk 1:27:31]}  Bd8 {[%clk 1:01:23]} 17. h4 {[%clk 1:08:38]}  Ne7 {[%clk 0:50:30]} 18. Ne3 {[%clk 1:02:06]}  f5 {[%clk 0:38:14]} 19. exf5 {[%clk 0:56:54]}  Bxf3 {[%clk 0:38:32]} 20. Rxf3 {[%clk 0:57:15]}  Nxf5 {[%clk 0:38:49]} 21. Nxf5 {[%clk 0:57:22]}  Rxf5 {[%clk 0:39:02]} 22. Be3 {[%clk 0:56:54]}  d5 {[%clk 0:28:04]} 23. Nd2 {[%clk 0:53:24]}  Ref8 {[%clk 0:26:08]} 24. Raf1 {[%clk 0:41:30]}  Be7 {[%clk 0:24:52]} 25. Qe2 {[%clk 0:37:16]}  R8f7 {[%clk 0:09:24]} 26. R1f2 {[%clk 0:29:20]}  Nf8 {[%clk 0:05:03]} 27. Nf1 {[%clk 0:27:54]}  Ng6 {[%clk 0:04:56]} 28. h5 {[%clk 0:26:29]}  Nh4 {[%clk 0:04:31]} 29. Rh3 {[%clk 0:18:04]}  d4 {[%clk 0:02:29]} 30. cxd4 {[%clk 0:10:21]}  cxd4 {[%clk 0:02:54]} 31. Bxd4 {[%clk 0:10:39]}  Rxf4 {[%clk 0:01:10]} 32. Rxh4 {[%clk 0:10:36]}  Rxh4 {[%clk 0:01:20]} 33. Qxe6 {[%clk 0:10:44]}  Bf6 {[%clk 0:01:08]} 34. Bxf6 {[%clk 0:06:22]}  Qd7 {[%clk 0:01:34]} 35. Qxd7 {[%clk 0:01:45]}  Rxd7 {[%clk 0:01:59]} 36. Bc3 {[%clk 0:01:18]}  Rxh5 {[%clk 0:01:19]} 37. Rf5 {[%clk 0:00:40]}  Rxd3 {[%clk 0:01:29]} 38. a5 {[%clk 0:00:54]}  bxa5 {[%clk 0:01:21]} 39. Rxa5 {[%clk 0:01:10]}  h6 {[%clk 0:01:24]} 40. Rxa6 {[%clk 0:00:46]}  Rxg5+ {[%clk 0:01:49]} 41. Kf2 {[%clk 0:00:49]}  h5 {[%clk 0:27:33]} 42. Ra4 {[%clk 0:30:47]}  Rc5 {[%clk 0:23:30]} 43. Ng3 {[%clk 0:27:20]}  Rdxc3 {[%clk 0:21:43]} 44. bxc3 {[%clk 0:26:42]}  Rxc3 {[%clk 0:22:09]} 45. Nxh5 {[%clk 0:26:54]}  Rc7 {[%clk 0:19:31]} 46. Kg3 {[%clk 0:27:03]}  Kh7 {[%clk 0:19:47]} 47. Kg4 {[%clk 0:27:25]}  Rc1 {[%clk 0:19:49]} 48. Nf4 {[%clk 0:27:00]}  Rg1+ {[%clk 0:17:49]} 49. Kf5 {[%clk 0:27:22]}  Rb1 {[%clk 0:18:17]} 50. Ra5 {[%clk 0:27:21]}  Rb8 {[%clk 0:18:10]} 51. Ne6 {[%clk 0:25:09]}  Kh6 {[%clk 0:17:08]} 52. Rc5 {[%clk 0:24:27]}  Rb1 {[%clk 0:14:16]} 53. Ke5 {[%clk 0:23:33]}  g5 {[%clk 0:12:40]} 54. Kf5 {[%clk 0:19:12]}  Rf1+ {[%clk 0:12:48]} 55. Kg4 {[%clk 0:19:24]}  Rg1+ {[%clk 0:13:09]} 56. Kf3 {[%clk 0:19:01]}  Kg6 {[%clk 0:12:03]} 57. Rc6 {[%clk 0:18:48]}  Rf1+ {[%clk 0:11:49]} 58. Kg4 {[%clk 0:17:15]}  Rf6 {[%clk 0:11:13]} 59. Nf8+ {[%clk 0:15:19]}  Kg7 {[%clk 0:10:24]} 60. Ne6+ {[%clk 0:14:04]}  Kg6 {[%clk 0:10:37]} 61. Ra6 {[%clk 0:14:13]}  Kh6 {[%clk 0:10:56]} 62. Rb6 {[%clk 0:13:24]}  Kg6 {[%clk 0:11:09]} 63. Rd6 {[%clk 0:13:45]}  Kh6 {[%clk 0:11:22]} 64. Nxg5 {[%clk 0:13:51]}  Rxd6 {[%clk 0:11:47]} 65. Nf7+ {[%clk 0:14:17]}  Kg7 {[%clk 0:12:14]} 66. Nxd6 {[%clk 0:14:43]} 1/2-1/2

[Event "45th FIDE Chess Olympiad Open"]
[Site "Budapest, Hungary"]
[Date "2024.09.21"]
[Round "10"]
[White "Hernandez Guerrero, Gilberto"]
[Black "Ragger, Markus"]
[Result "1/2-1/2"]
[Board "86"]
[WhiteFideId "5100011"]
[BlackFideId "1610856"]
[WhiteTitle "GM"]
[BlackTitle "GM"]
[WhiteElo "2482"]
[BlackElo "2601"]
[WhiteTeam "Mexico"]
[BlackTeam "Austria"]
[WhiteClock "0:04:17"]
[BlackClock "0:02:44"]
[Variant "Standard"]

1. e4 {[%clk 1:30:42]}  e5 {[%clk 1:30:58]} 2. Nf3 {[%clk 1:30:46]}  Nc6 {[%clk 1:31:26]} 3. Bb5 {[%clk 1:31:04]}  a6 {[%clk 1:31:54]} 4. Ba4 {[%clk 1:31:26]}  Nf6 {[%clk 1:32:19]} 5. d3 {[%clk 1:26:39]}  d6 {[%clk 1:32:26]} 6. c3 {[%clk 1:24:51]}  g6 {[%clk 1:32:49]} 7. O-O {[%clk 1:25:04]}  Bg7 {[%clk 1:33:13]} 8. Re1 {[%clk 1:25:27]}  O-O {[%clk 1:33:21]} 9. Bg5 {[%clk 1:25:49]}  h6 {[%clk 1:32:37]} 10. Bh4 {[%clk 1:26:13]}  g5 {[%clk 1:33:00]} 11. Bg3 {[%clk 1:26:35]}  Nh7 {[%clk 1:33:22]} 12. Nbd2 {[%clk 1:09:04]}  h5 {[%clk 1:32:56]} 13. h3 {[%clk 1:09:29]}  h4 {[%clk 1:32:53]} 14. Bh2 {[%clk 1:09:53]}  g4 {[%clk 1:33:20]} 15. hxg4 {[%clk 1:10:09]}  Bxg4 {[%clk 1:33:48]} 16. Bxc6 {[%clk 1:03:33]}  bxc6 {[%clk 1:32:21]} 17. Qa4 {[%clk 1:01:36]}  c5 {[%clk 1:10:07]} 18. d4 {[%clk 1:00:06]}  cxd4 {[%clk 0:39:45]} 19. cxd4 {[%clk 0:58:19]}  exd4 {[%clk 0:40:14]} 20. e5 {[%clk 0:50:27]}  dxe5 {[%clk 0:38:10]} 21. Bxe5 {[%clk 0:50:26]}  c5 {[%clk 0:34:40]} 22. Bxg7 {[%clk 0:48:35]}  Kxg7 {[%clk 0:35:09]} 23. Re5 {[%clk 0:43:55]}  Rc8 {[%clk 0:27:48]} 24. Rc1 {[%clk 0:30:31]}  Qd6 {[%clk 0:23:11]} 25. Qc4 {[%clk 0:18:17]}  Qf6 {[%clk 0:18:02]} 26. Qd3 {[%clk 0:15:16]}  Rfd8 {[%clk 0:13:07]} 27. Rcxc5 {[%clk 0:14:31]}  Nf8 {[%clk 0:08:17]} 28. Qe4 {[%clk 0:06:06]}  Bxf3 {[%clk 0:03:48]} 29. Nxf3 {[%clk 0:06:31]}  Rxc5 {[%clk 0:03:21]} 30. Rxc5 {[%clk 0:06:55]}  d3 {[%clk 0:03:17]} 31. Rd5 {[%clk 0:05:10]}  Rxd5 {[%clk 0:03:21]} 32. Qxd5 {[%clk 0:05:33]}  Qxb2 {[%clk 0:03:23]} 33. Qxd3 {[%clk 0:05:26]}  Qxa2 {[%clk 0:03:30]} 34. Nxh4 {[%clk 0:05:11]}  Qa1+ {[%clk 0:03:38]} 35. Kh2 {[%clk 0:05:20]}  Qe5+ {[%clk 0:02:40]} 36. g3 {[%clk 0:05:14]}  a5 {[%clk 0:02:52]} 37. Nf5+ {[%clk 0:04:53]}  Kf6 {[%clk 0:02:42]} 38. Ne3 {[%clk 0:05:14]}  Kg7 {[%clk 0:02:30]} 39. Nf5+ {[%clk 0:04:47]}  Kg8 {[%clk 0:02:16]} 40. Nh6+ {[%clk 0:04:17]}  Kg7 {[%clk 0:02:44]} 1/2-1/2

[Event "45th FIDE Chess Olympiad Open"]
[Site "Budapest, Hungary"]
[Date "2024.09.21"]
[Round "10"]
[White "Horvath, Dominik"]
[Black "Cori Quispe, Kevin Joel"]
[Result "0-1"]
[Board "87"]
[WhiteFideId "1642561"]
[BlackFideId "3814017"]
[WhiteTitle "GM"]
[BlackTitle "GM"]
[WhiteElo "2559"]
[BlackElo "2461"]
[WhiteTeam "Austria"]
[BlackTeam "Mexico"]
[WhiteClock "0:05:09"]
[BlackClock "0:14:32"]
[Variant "Standard"]

1. e4 {[%clk 1:30:57]}  c5 {[%clk 1:30:52]} 2. Nf3 {[%clk 1:31:23]}  Nc6 {[%clk 1:31:08]} 3. d4 {[%clk 1:31:48]}  cxd4 {[%clk 1:31:31]} 4. Nxd4 {[%clk 1:32:15]}  Nf6 {[%clk 1:31:36]} 5. Nc3 {[%clk 1:32:41]}  d6 {[%clk 1:31:45]} 6. Bg5 {[%clk 1:33:06]}  e6 {[%clk 1:31:53]} 7. Qd2 {[%clk 1:33:31]}  a6 {[%clk 1:31:06]} 8. O-O-O {[%clk 1:33:54]}  Bd7 {[%clk 1:31:06]} 9. Nxc6 {[%clk 1:34:19]}  Bxc6 {[%clk 1:29:07]} 10. f3 {[%clk 1:34:42]}  Be7 {[%clk 1:28:23]} 11. h4 {[%clk 1:22:14]}  h6 {[%clk 1:26:25]} 12. Be3 {[%clk 1:22:34]}  d5 {[%clk 1:26:41]} 13. e5 {[%clk 1:22:47]}  Nd7 {[%clk 1:27:00]} 14. f4 {[%clk 1:23:13]}  Qa5 {[%clk 1:11:27]} 15. Kb1 {[%clk 1:19:41]}  O-O-O {[%clk 1:00:35]} 16. Qf2 {[%clk 1:17:58]}  Kb8 {[%clk 0:59:15]} 17. Ne2 {[%clk 1:16:43]}  Nc5 {[%clk 0:50:01]} 18. Nd4 {[%clk 1:16:39]}  Rc8 {[%clk 0:50:20]} 19. Bd3 {[%clk 1:08:30]}  Bb5 {[%clk 0:45:34]} 20. f5 {[%clk 0:53:46]}  Bc4 {[%clk 0:40:58]} 21. Nb3 {[%clk 0:44:37]}  Qb5 {[%clk 0:36:07]} 22. Bxc5 {[%clk 0:41:04]}  Bxc5 {[%clk 0:36:24]} 23. Qg3 {[%clk 0:41:05]}  Bb6 {[%clk 0:33:16]} 24. Rhf1 {[%clk 0:34:31]}  a5 {[%clk 0:31:16]} 25. Rf4 {[%clk 0:26:22]}  a4 {[%clk 0:26:46]} 26. Nd4 {[%clk 0:25:48]}  Bxd4 {[%clk 0:24:55]} 27. Rxd4 {[%clk 0:26:14]}  a3 {[%clk 0:25:07]} 28. b3 {[%clk 0:26:08]}  Qa5 {[%clk 0:19:41]} 29. Qe1 {[%clk 0:19:30]}  Qxe1 {[%clk 0:17:47]} 30. Rxe1 {[%clk 0:19:57]}  Bxd3 {[%clk 0:18:07]} 31. Rxd3 {[%clk 0:19:43]}  exf5 {[%clk 0:16:04]} 32. Rxd5 {[%clk 0:18:17]}  Rc3 {[%clk 0:16:24]} 33. h5 {[%clk 0:12:05]}  Rhc8 {[%clk 0:14:18]} 34. Re2 {[%clk 0:12:30]}  f4 {[%clk 0:14:21]} 35. Ra5 {[%clk 0:05:57]}  Re3 {[%clk 0:13:39]} 36. Rxe3 {[%clk 0:04:48]}  fxe3 {[%clk 0:14:08]} 37. Kc1 {[%clk 0:05:09]}  Rd8 {[%clk 0:14:32]} 0-1

[Event "45th FIDE Chess Olympiad Open"]
[Site "Budapest, Hungary"]
[Date "2024.09.21"]
[Round "10"]
[White "Ibarra Chami, Luis Fernando"]
[Black "Blohberger, Felix"]
[Result "0-1"]
[Board "88"]
[WhiteFideId "5105048"]
[BlackFideId "1632051"]
[WhiteTitle "GM"]
[BlackTitle "GM"]
[WhiteElo "2427"]
[BlackElo "2520"]
[WhiteTeam "Mexico"]
[BlackTeam "Austria"]
[WhiteClock "0:01:18"]
[BlackClock "0:01:29"]
[Variant "Standard"]

1. e4 {[%clk 1:30:57]}  c5 {[%clk 1:30:54]} 2. Nf3 {[%clk 1:31:04]}  d6 {[%clk 1:31:18]} 3. d4 {[%clk 1:30:42]}  cxd4 {[%clk 1:31:42]} 4. Nxd4 {[%clk 1:31:06]}  Nf6 {[%clk 1:32:06]} 5. Nc3 {[%clk 1:31:31]}  a6 {[%clk 1:32:32]} 6. Rg1 {[%clk 1:31:03]}  h5 {[%clk 1:32:36]} 7. Bg5 {[%clk 1:24:32]}  e6 {[%clk 1:15:42]} 8. Bc4 {[%clk 0:47:17]}  b5 {[%clk 1:03:46]} 9. Bb3 {[%clk 0:47:41]}  b4 {[%clk 0:58:55]} 10. Nce2 {[%clk 0:38:35]}  Be7 {[%clk 0:53:44]} 11. Qd3 {[%clk 0:35:00]}  Qc7 {[%clk 0:40:30]} 12. Nf4 {[%clk 0:23:52]}  Qc5 {[%clk 0:34:11]} 13. h4 {[%clk 0:19:38]}  Qe5 {[%clk 0:26:07]} 14. O-O-O {[%clk 0:11:24]}  Ng4 {[%clk 0:16:12]} 15. Nh3 {[%clk 0:06:50]}  Qc5 {[%clk 0:08:04]} 16. Bxe7 {[%clk 0:05:52]}  Kxe7 {[%clk 0:08:30]} 17. f3 {[%clk 0:04:49]}  Nf6 {[%clk 0:07:40]} 18. Nf4 {[%clk 0:03:35]}  Nc6 {[%clk 0:05:58]} 19. Nxc6+ {[%clk 0:02:04]}  Qxc6 {[%clk 0:06:24]} 20. Qd4 {[%clk 0:01:30]}  Rb8 {[%clk 0:03:27]} 21. e5 {[%clk 0:01:07]}  dxe5 {[%clk 0:03:53]} 22. Qxe5 {[%clk 0:01:31]}  Rb5 {[%clk 0:04:13]} 23. Qd4 {[%clk 0:01:40]}  Qc5 {[%clk 0:01:58]} 24. Qxc5+ {[%clk 0:00:49]}  Rxc5 {[%clk 0:02:25]} 25. Nd3 {[%clk 0:01:04]}  Rb5 {[%clk 0:02:45]} 26. Ba4 {[%clk 0:01:31]}  Rb6 {[%clk 0:02:46]} 27. Ne5 {[%clk 0:01:46]}  Nd5 {[%clk 0:02:21]} 28. Rge1 {[%clk 0:01:43]}  Kf6 {[%clk 0:01:06]} 29. Bc6 {[%clk 0:01:39]}  Rd8 {[%clk 0:00:32]} 30. Bxd5 {[%clk 0:01:22]}  Rxd5 {[%clk 0:00:35]} 31. Rxd5 {[%clk 0:01:39]}  exd5 {[%clk 0:01:02]} 32. Nd3 {[%clk 0:02:05]}  Be6 {[%clk 0:01:03]} 33. Kd2 {[%clk 0:02:23]}  a5 {[%clk 0:01:24]} 34. Nf4 {[%clk 0:01:01]}  g6 {[%clk 0:01:47]} 35. Re3 {[%clk 0:00:55]}  Rc6 {[%clk 0:01:25]} 36. a3 {[%clk 0:00:45]}  d4 {[%clk 0:01:02]} 37. Re1 {[%clk 0:00:34]}  bxa3 {[%clk 0:00:58]} 38. Nxe6 {[%clk 0:00:33]}  fxe6 {[%clk 0:01:02]} 39. bxa3 {[%clk 0:00:57]}  Rc3 {[%clk 0:01:16]} 40. Re4 {[%clk 0:01:20]}  e5 {[%clk 0:00:46]} 41. f4 {[%clk 0:01:34]}  exf4 {[%clk 0:28:23]} 42. Rxd4 {[%clk 0:30:02]}  Rxa3 {[%clk 0:26:44]} 43. Ke1 {[%clk 0:08:47]}  Ke5 {[%clk 0:18:38]} 44. Rc4 {[%clk 0:09:06]}  Ra1+ {[%clk 0:11:12]} 45. Ke2 {[%clk 0:08:55]}  a4 {[%clk 0:10:03]} 46. Rc6 {[%clk 0:09:06]}  a3 {[%clk 0:09:33]} 47. Rxg6 {[%clk 0:06:23]}  Rg1 {[%clk 0:05:55]} 48. Ra6 {[%clk 0:06:26]}  Rxg2+ {[%clk 0:06:18]} 49. Kf1 {[%clk 0:05:20]}  Rg3 {[%clk 0:06:02]} 50. Ra5+ {[%clk 0:05:20]}  Kd4 {[%clk 0:04:02]} 51. Ra4+ {[%clk 0:03:38]}  Kc5 {[%clk 0:03:30]} 52. Ke2 {[%clk 0:02:05]}  Kb5 {[%clk 0:03:04]} 53. Ra8 {[%clk 0:02:26]}  Kb4 {[%clk 0:02:58]} 54. Kd2 {[%clk 0:02:48]}  Rg1 {[%clk 0:02:25]} 55. Rb8+ {[%clk 0:02:40]}  Kc5 {[%clk 0:01:52]} 56. Ra8 {[%clk 0:03:06]}  Ra1 {[%clk 0:01:19]} 57. Kc3 {[%clk 0:02:16]}  f3 {[%clk 0:00:56]} 58. Rf8 {[%clk 0:02:38]}  Rf1 {[%clk 0:01:15]} 59. Rf5+ {[%clk 0:02:55]}  Kd6 {[%clk 0:01:23]} 60. Kb3 {[%clk 0:03:17]}  Ke6 {[%clk 0:01:08]} 61. Rf8 {[%clk 0:03:24]}  f2 {[%clk 0:00:50]} 62. Ka2 {[%clk 0:03:51]}  Ke5 {[%clk 0:01:03]} 63. Rf7 {[%clk 0:00:52]}  Ke4 {[%clk 0:01:16]} 64. Rf8 {[%clk 0:00:50]}  Ke3 {[%clk 0:01:06]} 65. Re8+ {[%clk 0:01:18]}  Kd2 {[%clk 0:01:29]} 0-1

[Event "45th FIDE Chess Olympiad Open"]
[Site "Budapest, Hungary"]
[Date "2024.09.21"]
[Round "10"]
[White "Kuybokarov, Temur"]
[Black "Ziska, Helgi Dam"]
[Result "1/2-1/2"]
[Board "89"]
[WhiteFideId "14203049"]
[BlackFideId "7200595"]
[WhiteTitle "GM"]
[BlackTitle "GM"]
[WhiteElo "2562"]
[BlackElo "2553"]
[WhiteTeam "Australia"]
[BlackTeam "Faroe Islands"]
[WhiteClock "0:04:32"]
[BlackClock "0:09:53"]
[Variant "Standard"]

1. e4 {[%clk 1:30:58]}  e5 {[%clk 1:30:38]} 2. Nf3 {[%clk 1:31:23]}  Nc6 {[%clk 1:30:57]} 3. Bb5 {[%clk 1:31:42]}  g6 {[%clk 1:30:36]} 4. c3 {[%clk 1:30:09]}  a6 {[%clk 1:29:38]} 5. Ba4 {[%clk 1:29:59]}  d6 {[%clk 1:29:34]} 6. d4 {[%clk 1:29:41]}  Bd7 {[%clk 1:27:45]} 7. O-O {[%clk 1:26:52]}  Bg7 {[%clk 1:26:28]} 8. Be3 {[%clk 1:22:53]}  Nf6 {[%clk 1:23:15]} 9. Nbd2 {[%clk 1:21:55]}  O-O {[%clk 1:11:53]} 10. dxe5 {[%clk 1:07:15]}  Nxe5 {[%clk 1:05:53]} 11. Nxe5 {[%clk 1:04:31]}  dxe5 {[%clk 1:05:52]} 12. f3 {[%clk 0:54:47]}  Bxa4 {[%clk 1:01:44]} 13. Qxa4 {[%clk 0:54:26]}  Qd3 {[%clk 0:59:41]} 14. Rfe1 {[%clk 0:53:09]}  Rfd8 {[%clk 0:57:40]} 15. Rad1 {[%clk 0:46:55]}  Qb5 {[%clk 0:55:34]} 16. Qb3 {[%clk 0:46:44]}  Nd7 {[%clk 0:32:13]} 17. a4 {[%clk 0:38:29]}  Qc6 {[%clk 0:27:41]} 18. Qc4 {[%clk 0:35:35]}  Qxc4 {[%clk 0:23:46]} 19. Nxc4 {[%clk 0:36:00]}  b6 {[%clk 0:23:44]} 20. Rd5 {[%clk 0:29:16]}  Nf8 {[%clk 0:23:54]} 21. a5 {[%clk 0:25:18]}  b5 {[%clk 0:23:42]} 22. Na3 {[%clk 0:25:17]}  Rxd5 {[%clk 0:13:57]} 23. exd5 {[%clk 0:25:17]}  Nd7 {[%clk 0:14:21]} 24. Nc2 {[%clk 0:15:45]}  Bf8 {[%clk 0:13:20]} 25. Bf2 {[%clk 0:14:31]}  Nf6 {[%clk 0:10:32]} 26. Rxe5 {[%clk 0:14:09]}  Bd6 {[%clk 0:10:58]} 27. Re1 {[%clk 0:12:31]}  Nxd5 {[%clk 0:11:15]} 28. Rd1 {[%clk 0:11:49]}  Ne7 {[%clk 0:09:52]} 29. Ne3 {[%clk 0:10:34]}  Nc6 {[%clk 0:09:12]} 30. b4 {[%clk 0:10:39]}  Re8 {[%clk 0:05:52]} 31. Nd5 {[%clk 0:10:41]}  Re6 {[%clk 0:04:11]} 32. Bh4 {[%clk 0:11:05]}  Kg7 {[%clk 0:04:04]} 33. Kf2 {[%clk 0:10:19]}  Ne5 {[%clk 0:03:54]} 34. Bd8 {[%clk 0:07:36]}  c5 {[%clk 0:01:49]} 35. Bf6+ {[%clk 0:06:33]}  Kf8 {[%clk 0:02:03]} 36. Bxe5 {[%clk 0:05:19]}  Bxe5 {[%clk 0:02:11]} 37. bxc5 {[%clk 0:05:32]}  Rc6 {[%clk 0:02:09]} 38. f4 {[%clk 0:05:41]}  Bg7 {[%clk 0:02:03]} 39. Nb4 {[%clk 0:05:41]}  Rxc5 {[%clk 0:02:28]} 40. Nxa6 {[%clk 0:06:06]}  Rxc3 {[%clk 0:02:19]} 41. Rd8+ {[%clk 0:28:12]}  Ke7 {[%clk 0:32:39]} 42. Rb8 {[%clk 0:28:35]}  Bd4+ {[%clk 0:25:57]} 43. Ke2 {[%clk 0:28:07]}  Re3+ {[%clk 0:26:10]} 44. Kf1 {[%clk 0:27:19]}  Bc3 {[%clk 0:22:20]} 45. Rxb5 {[%clk 0:14:32]}  Re1+ {[%clk 0:22:45]} 46. Kf2 {[%clk 0:14:57]}  Ra1 {[%clk 0:23:11]} 47. Nb8 {[%clk 0:13:54]}  Kd6 {[%clk 0:20:31]} 48. a6 {[%clk 0:13:49]}  Bd4+ {[%clk 0:20:39]} 49. Kf3 {[%clk 0:12:33]}  Ba7 {[%clk 0:19:15]} 50. Kg4 {[%clk 0:10:26]}  Bxb8 {[%clk 0:15:59]} 51. Rxb8 {[%clk 0:10:49]}  Rxa6 {[%clk 0:16:24]} 52. Rh8 {[%clk 0:05:00]}  Ra2 {[%clk 0:10:08]} 53. Rxh7 {[%clk 0:04:53]}  Rxg2+ {[%clk 0:10:30]} 54. Kh3 {[%clk 0:04:41]}  Rf2 {[%clk 0:10:28]} 55. Kg3 {[%clk 0:04:28]}  Rf1 {[%clk 0:10:42]} 56. Rxf7 {[%clk 0:04:54]}  g5 {[%clk 0:10:41]} 57. f5 {[%clk 0:04:55]}  Rf4 {[%clk 0:10:16]} 58. Rg7 {[%clk 0:03:09]}  Rxf5 {[%clk 0:10:30]} 59. Kg4 {[%clk 0:03:28]}  Re5 {[%clk 0:10:29]} 60. Kh5 {[%clk 0:03:32]}  Ke6 {[%clk 0:10:34]} 61. Kg6 {[%clk 0:02:52]}  Re2 {[%clk 0:09:31]} 62. Rh7 {[%clk 0:03:07]}  Rg2 {[%clk 0:09:52]} 63. Rh5 {[%clk 0:03:32]}  Ke7 {[%clk 0:09:48]} 64. Kg7 {[%clk 0:03:15]}  Ke6 {[%clk 0:09:01]} 65. Kg6 {[%clk 0:03:38]}  Ke7 {[%clk 0:09:28]} 66. Kg7 {[%clk 0:04:06]}  Ke6 {[%clk 0:09:53]} 67. Kg6 {[%clk 0:04:32]} 1/2-1/2